| 000 | 00631nam a2200217Ia 4500 | ||
|---|---|---|---|
| 008 | 160517s9999 xx 000 0 und d | ||
| 050 | _aHF 5415 | ||
| 050 | _b.As843 2016 | ||
| 100 | _aAsprer, James David. | ||
| 245 | _aConsumer expectation and its relation to consumer experience for fitline products / | ||
| 245 | _cJames David Asprer. | ||
| 260 | _aLas PiƱas, Philippines : | ||
| 260 | _bSISC, | ||
| 260 | _c2016. | ||
| 300 | _a54 pages : | ||
| 300 | _billustrations ; | ||
| 300 | _c28 cm. | ||
| 500 | _aIncludes bibliographical references and appendices. | ||
| 521 | _aBusiness Administration | ||
| 942 | _cTH | ||
| 999 |
_c293968 _d293968 |
||